Ordenación territorial

保存先:
書誌詳細
第一著者: Gómez Orea, Domingo (著者)
フォーマット: 図書
言語:スペイン語
出版事項: Madrid Mundi-Prensa 2007
版:2a. ed
主題:
タグ: タグ追加
タグなし, このレコードへの初めてのタグを付けませんか!

MARC

LEADER 00000cam a2200000 a 4500
001 UCE6685
003 CL-VaPUC
005 20240318105621.0
008 150430e20070000sp |||||||||||||||||spa|d
999 |c 358916  |d 358914 
020 |a 9788484763253 
040 |c Pontificia Universidad Católica de Valparaíso 
082 0 4 |a 711.4  |b GOM  |2 21 
100 |a Gómez Orea, Domingo  |e author  |9 579881 
245 1 0 |a Ordenación territorial 
250 |a 2a. ed 
260 |a Madrid  |b Mundi-Prensa  |c 2007 
300 |a 766 p 
583 |a last modification  |c 20150430 00:23:00  |k Rodrigo Vera 
650 0 |a Medio ambiente  |9 257625  |x Protección 
650 7 |a PLANIFICACION RURAL  |2 CL-VaPUC  |9 579290 
650 0 |a Planificación urbana   |9 258176 
650 0 |a Gestión ambiental   |9 338121 
650 0 |a Desarrollo sustentable  |9 333905 
942 |c BK  |2 ddc 
945 |d 20150430 00:23:00  |a cmena 
952 |0 0  |1 0  |3 erd  |4 0  |6 711_400000000000000_GOM_2007  |7 0  |8 A  |9 467873  |a BIBING  |b BIBING  |i 5147034  |l 1  |o 711.4 GOM 2007  |p 5147034  |r 2025-01-20  |s 2022-04-04  |w 2019-11-23  |y BK  |z Catalogado en:20150430  |k CCL